[Event "Genova Bombrini op"]
[Site "Genova"]
[Date "2014.10.05"]
[Round "4"]
[White "Picasso, Marco Francesco"]
[Black "Ruo, Andrea"]
[Result "1-0"]
[WhiteElo "1456"]
[BlackElo "1608"]
[PlyCount "65"]
[EventDate "2014.10.03"]
[EventType "swiss"]
[EventRounds "5"]
[EventCountry "ITA"]
[SourceTitle "EXT 2016"]
[Source "ChessBase"]
[SourceDate "2015.10.08"]
[SourceVersion "1"]
[SourceVersionDate "2015.10.08"]
[SourceQuality "1"]

1. d4 Nf6 2. f4 g6 3. Nf3 Bg7 4. e3 d6 5. Nbd2 0-0 6. b3 Nd5 7. Nc4 c5 8. Bb2 b5 9. e4 Nxf4 10. Ne3 a6 11. Qd2 Bb7 12. Bd3 Qc7 13. c3 Nc6 14. Nd5 Nxd3+ 15. Qxd3 Qd8 16. 0-0 e6 17. Ne3 cxd4 18. cxd4 Qb6 19. Qd2 Rac8 20. Kh1 Ne7 21. Ng5 d5 22. e5 h6 23. Nh3 Nf5 24. Ng4 Qc6 25. Rac1 Qd7 26. Nf6+ Bxf6 27. exf6 Rxc1 28. Bxc1 Qd8 29. Ba3 Re8 30. Be7 Nxe7 31. Qxh6 Nf5 32. Rxf5 exf5 33. Qg7# 1-0

[Event "Ceriano Laghetto op-C 23rd"]
[Site "Ceriano Laghetto"]
[Date "2014.03.14"]
[Round "1"]
[White "Picasso, Marco Francesco"]
[Black "Repossi, Luca"]
[Result "1-0"]
[WhiteElo "1447"]
[BlackElo "1573"]
[PlyCount "87"]
[EventDate "2014.03.14"]
[EventType "swiss"]
[EventRounds "5"]
[EventCountry "ITA"]
[SourceTitle "EXT 2024"]
[Source "ChessBase"]
[SourceDate "2023.10.10"]
[SourceVersion "1"]
[SourceVersionDate "2023.10.10"]
[SourceQuality "1"]

1. e4 c5 2. Nf3 d6 3. c3 Nf6 4. d3 h6 5. Be2 Nc6 6. h3 e5 7. Be3 d5 8. Qa4 d4 9. Bd2 Bd6 10. Na3 Bd7 11. Qb3 Na5 12. Qc2 b5 13. c4 b4 14. Nb1 Rb8 15. b3 0-0 16. 0-0 Nh7 17. Nh2 f5 18. Bh5 f4 19. Qd1 Ng5 20. Bg4 Be8 21. Nf3 h5 22. Nxg5 Qxg5 23. Be6+ Kh8 24. g3 Rf6 25. h4 Qh6 26. Bh3 g5 27. Kh2 Qg6 28. Bf5 Qg7 29. Qf3 Bg6 30. hxg5 Rf7 31. Rh1 Bxf5 32. Qxh5+ Bh7 33. Kg2 fxg3 34. f3 Kg8 35. Rh3 Rbf8 36. Rxg3 Bg6 37. Qh6 Nc6 38. Na3 bxa3 39. Rh1 Bf5 40. Qxd6 Ne7 41. Qh6 Ng6 42. exf5 Rxf5 43. Rgh3 Qe7 44. Qxg6+ 1-0

[Event "Milan Crespi op-C 33rd"]
[Site "Milan"]
[Date "2012.12.06"]
[Round "2"]
[White "Picasso, Marco Francesco"]
[Black "Nordio, Giorgio"]
[Result "0-1"]
[WhiteElo "1520"]
[BlackElo "1626"]
[PlyCount "52"]
[EventDate "2012.12.05"]
[EventType "swiss"]
[EventRounds "7"]
[EventCountry "ITA"]
[SourceTitle "EXT 2024"]
[Source "ChessBase"]
[SourceDate "2023.10.10"]
[SourceVersion "1"]
[SourceVersionDate "2023.10.10"]
[SourceQuality "1"]

1. d4 c6 2. Bf4 d5 3. e3 Bf5 4. Nd2 e6 5. Ngf3 Nf6 6. c4 Nbd7 7. Be2 c5 8. Nb3 Rc8 9. Rc1 Be7 10. 0-0 0-0 11. Ne5 Qb6 12. Bd3 Bxd3 13. Qxd3 Qa6 14. a3 cxd4 15. exd4 Nxe5 16. Bxe5 dxc4 17. Qc3 Nd5 18. Qg3 f6 19. Nc5 Bxc5 20. dxc5 fxe5 21. Qxe5 Rxc5 22. b4 Rcc8 23. b5 Qb6 24. a4 Rf5 25. Qe2 Nf4 26. Qa2 c3 0-1